Sochy a plastiky V.H. Macha v Brně /

Hlavní autor: Mach, Václav Hynek, 1882-1958
Jazyk: Čeština
Vydáno: [Brno : s.n., 1959]
Fyzický popis: 48 kusů
Knihy
Uloženo v:
LEADER 00683nam a22002052a 4500
001 000143640
003 CZ BrMZK
005 20020729115403.0
007 ta
008 010907s1959 xr f cze d
040 |a BOA001  |b cze  |c BOA001 
100 1 |a Mach, Václav Hynek,  |d 1882-1958  |7 mzk2005279287  |4 aut 
245 1 0 |a Sochy a plastiky V.H. Macha v Brně /  |c Václav Hynek Mach 
260 |a [Brno :  |b s.n.,  |c 1959] 
300 |a 48 kusů 
500 |a Kašírované originální fotografie, s legendami na rubu 
500 |a Na tvrdých lepenkách 
910 |a BOA001  |b 4-0631.833 
990 |a BK 
996 6 |b 2619784372  |c 4-0631.833  |l MZK  |r Sklad / do 1 hodiny  |n 8  |w 000143640  |u 000010  |a 1  |e BOA001  |j MZK50  |s P